Statistics for Second World War

Click here to take the quiz!

General Stats

  • This quiz has been taken 68 times
  • The average score is 6 of 10

Answer Stats

QuestionAnswer% Correct
Who is the mad dictator in Germany?Hitler
98%
When does the second world war started?September. 3rd, 1939
92%
Who is the Axis?Italy
78%
Who is the commander of the D-Day?Eisenhower
78%
When is D-Day?June the 6th, 1944
75%
Where did the US drop its first Atomic bomb in Japan?Hiroshima
70%
When did Hitler suicide?April the 30th, 1945
63%
Where did Canadian land in D-day?Juno
37%
When did Japan surrender?September the 2th, 1945
33%
When did Italy attack France?June the 10th, 1940
15%

Score Distribution

Percentile by Number Answered

Percent of People with Each Score

Your Score History

You have not taken this quiz